Art and complexity / (Record no. 21350)

000 -LEADER
fixed length control field 02359cam a22003134a 4500
001 - CONTROL NUMBER
control field 13034832
003 - CONTROL NUMBER IDENTIFIER
control field OSt
005 - DATE AND TIME OF LATEST TRANSACTION
control field 20170121113746.0
008 - FIXED-LENGTH DATA ELEMENTS--GENERAL INFORMATION
fixed length control field 021219s2003 ne a 100 0 eng
010 ## - LIBRARY OF CONGRESS CONTROL NUMBER
LC control number 2002044784
020 ## - INTERNATIONAL STANDARD BOOK NUMBER
International Standard Book Number 0444509445 (HB : alk. paper)
040 ## - CATALOGING SOURCE
Original cataloging agency DLC
Transcribing agency DLC
Modifying agency DLC
042 ## - AUTHENTICATION CODE
Authentication code pcc
050 00 - LIBRARY OF CONGRESS CALL NUMBER
Classification number NX180.S3A73 2003
082 00 - DEWEY DECIMAL CLASSIFICATION NUMBER
Classification number 700/.1/05
Edition number 21
100 ## - MAIN ENTRY--PERSONAL NAME
Personal name Casti John
Dates associated with a name 2003
245 00 - TITLE STATEMENT
Title Art and complexity /
Statement of responsibility, etc. editors, John Casti, Anders Karlqvist.
250 ## - EDITION STATEMENT
Edition statement 1st ed.
260 ## - PUBLICATION, DISTRIBUTION, ETC. (IMPRINT)
Place of publication, distribution, etc. Amsterdam
-- Boston :
Name of publisher, distributor, etc. Elsevier,
Date of publication, distribution, etc. 2003.
300 ## - PHYSICAL DESCRIPTION
Extent x, 169 p. :
Other physical details ill. ;
Dimensions 25 cm.
505 8# - FORMATTED CONTENTS NOTE
Formatted contents note Machine generated contents note: Preface --John Casti and Anders Karlqvist --Art and Science-Les Liaisons Dangereuses? -- John D. Barrow --Complexity and Aesthetics: Is Good Art "Complex" Art? -- John Casti --What Lies Between Order and Chaos? -- James P. Crutchfield --Regularities and Randomness: Evolving Schemata in Science -- and the Arts -- Murray Gell-Mann --Drawing, Knowledge, and Intuitive Thinking: Drawing as a Way to Understand and Solve Complex Problems -- Bobo Hjort --Nothing is Hidden -- Anders Karlqvist --Science and Art in Collaboration-The Mindship Method -- Tor Norretranders --Complexity and Emergence in the American Experimental Music Tradition -- Tim Perkis --Modeling Complexity for Interactive Art Works on the Internet -- Christa Sommerer and Laurent Mignonneau --Poetic Voice and the Complexity of Bird Song -- Marcia Southwick Fractal Expressionism-Where Art Meets Science -- Richard Taylor --A Depth-First Traversal of Thinking -- Gail Wight --Color Plates.
650 #0 - SUBJECT ADDED ENTRY--TOPICAL TERM
Topical term or geographic name as entry element Science and the arts
Form subdivision Congresses.
650 #0 - SUBJECT ADDED ENTRY--TOPICAL TERM
Topical term or geographic name as entry element Complexity (Philosophy) in art
Form subdivision Congresses.
700 1# - ADDED ENTRY--PERSONAL NAME
Personal name Casti, J. L.
700 1# - ADDED ENTRY--PERSONAL NAME
Personal name Karlqvist, Anders.
856 41 - ELECTRONIC LOCATION AND ACCESS
Materials specified Table of contents only
Uniform Resource Identifier <a href="http://www.loc.gov/catdir/toc/fy041/2002044784.html">http://www.loc.gov/catdir/toc/fy041/2002044784.html</a>
856 42 - ELECTRONIC LOCATION AND ACCESS
Materials specified Publisher description
Uniform Resource Identifier <a href="http://www.loc.gov/catdir/enhancements/fy0613/2002044784-d.html">http://www.loc.gov/catdir/enhancements/fy0613/2002044784-d.html</a>
906 ## - LOCAL DATA ELEMENT F, LDF (RLIN)
a 7
b cbc
c orignew
d 1
e ocip
f 20
g y-gencatlg
942 ## - ADDED ENTRY ELEMENTS (KOHA)
Source of classification or shelving scheme
Koha item type Hard Covered Materials
Classification part NX180.S3A73 2003
Item part 30485
Holdings
Withdrawn status Lost status Source of classification or shelving scheme Damaged status Not for loan Home library Current library Shelving location Date acquired Source of acquisition Total Checkouts Full call number Barcode Date last seen Price effective from Koha item type
          MACHAKOS UNIVERSITY LIBRARY MACHAKOS UNIVERSITY LIBRARY Technical section 21/01/2017 Donation(BFA)   NX180.S3A73 2003 30485 08/06/2018 21/01/2017 Hard Covered Materials
© Machakos University Library, Along The Highway, Machakos Wote Rd, Machakos, Kenya P.O. Box 136 - 90100 Machakos - Kenya

Tel: ( +254 ) 723 805829 OR Fax : 044-20353 OR Email: library@mksu.ac.ke